Statistics for Државе енглеског говорног подручја

Click here to take the quiz!

General Stats

  • This quiz has been taken 210 times
  • The average score is 7 of 16

Answer Stats

%Држава% Correct
92Уједињено Краљевство
97%
79Сједињене Америчке Државе
93%
57Канада
88%
73Аустралија
84%
90Ирска
79%
85Нови Зеланд
72%
99Јамајка
35%
99Барбадос
34%
75Бахами
28%
98Гренада
23%
95Тринидад и Тобаго
23%
90Антигва и Барбуда
23%
99Сент Винсент и Гренадини
22%
99Сент Китс и Невис
22%
70Белизе
14%
90Гвајана
9%

Score Distribution

Percentile by Number Answered

Percent of People with Each Score

Your Score History

You have not taken this quiz